1532 1625 1974 1925 1736 1742 1939 1985 1451 1181 1294 1147 1065 1304 1650 1012 1834 1371 1608 1884 1371 1353 1245 1733 1981 1996 1848 1329 1645 1617 1784 1477 1266 1424 1144 1217 1934 1825 1908 1874 1473 1162 1013 1233 1125 1954 1479 1527 1279 1620 1259 1939 1408 1371 1322 1203 1115 1114 1857 1787 1197 1892 1171 1422 1370 1875 1879 1822 1577 1602 1438 1693 1171 1681 1155 1009 1208 1029 1320 1831 1494 1319 1518 1660 1334 1995 1067 1325 1496 1266 1474 1004 1177 1061 1487 1188 1597 1353 1648 BCNSPRNW ULIB Ver.6.0+V

เปลี่ยนเป็นภาษาไทย

Change to English
 แสดงรายละเอียดบรรณานุกรม
  กลับหน้าหลัก

Brief Record : Get Marc (ISO 2709) : E-mail record : QR code < ปิดหน้าต่าง
LEADER : 00000nam 2200000uu 4500
001    13399112200
003     ULIB
008    110801s2554||||th 000 0 tha d
020    9789195001373
090    นว.^bย236พ 2554
100 0  ยาใจ
245 00 พรหมเล่นรัก./^cยาใจ
260    กรุงเทพฯ :^bพิมพ์คำ,^c2554.
300    277 หน้า:^c21 ซม.
945    ^p180^l0^i18456
995    เกษร
999 ^a ใช้งานได้ทุกระบบ
รายการนี้ยังไม่มีแท็ก
คุณยังไม่ได้ล็อกอิน คุณสามารถมีกิจกรรมร่วมกับเว็บไซต์ได้ แต่ต้องล็อกอินก่อน ::
  ล็อกอิน

รายการสื่อสารสนเทศ

ลำดับที่ ประเภท เลขเรียก/บาร์โค้ด สถานที่ สถานะ
1. นวนิยาย
นวนิยาย
นว. ย236พ 2554  
  Barcode: 18456
ห้องสมุดวิทยาเขตสวรรค์ประชารักษ์
►นวนิยาย
บนชั้น
  ขอยืม

รายการใกล้เคียง
    ผู้แต่ง [ยาใจ]

BibComment


ยังไม่เคยถูกคอมเมนท์

คอมเมนท์ทรัพยากรรายการนี้
  คอมเมนท์: พรหมเล่นรัก ยาใจ


 Copyright 2026. Bcnsprnw @Library